| 000 | 00559nam a22001817a 4500 | ||
|---|---|---|---|
| 003 | OSt | ||
| 005 | 20260330053613.0 | ||
| 008 | 260330b |||||||| |||| 00| 0 eng d | ||
| 020 | _a9781840224337 | ||
| 040 |
_aDWCL GS lib _cOC |
||
| 082 | _aRes. 822.33 S527m 2000 | ||
| 100 | _aShakespeare, William | ||
| 245 |
_aRomeo and Juliet _cWilliam Shakespeare |
||
| 260 |
_a[place of publication not identified] _cc2000. |
||
| 300 |
_a160 pages: _c18cm. |
||
| 650 | _atragedy | ||
| 942 |
_2ddc _cBK-0 CIRC _hRes. 822.33 S527m 2000 _n0 |
||
| 999 |
_c9300 _d9300 |
||